Uusi päivä kuvavisa - Statistics

Yleistilastot
  • Tätä visaa on pelattu 139 kertaa
  • Keskiarvotulos 45 / 68
Vastaustilastot
Kuvavisa Vastaus % Oikein
Emmi Lukkari
90%
Tuija Haavisto
88%
Aino Haavisto
87%
Niklas Järvelä
87%
Ensio Haavisto
84%
Marika Ruuskanen-Kuusla
84%
Asko Haavisto
83%
Elina Haavisto
83%
Lisbeth Kanerva
83%
Otso Karhu
83%
Jani Hellemaa
82%
Joonas Aro
82%
Pentti Ruuskanen
82%
Vilma Haavisto
82%
Anni Malinen
81%
Krista Kortelainen
81%
Tomi Karhu
81%
Karri Palomäki
80%
Lotta Sund
80%
Sakari Määttä
80%
Lauri Kallio
79%
Minna Haavisto
79%
Osku Haavisto
79%
Aleksi Ruuskanen
78%
Tero Kuusla
78%
Mirja Mäkimaa
77%
Eppu Palomäki
76%
Lisbeth Kanerva
76%
Iiro Rainio
74%
Raimo Koistinen
74%
Iiris Rainio
73%
Cicca Kallas
72%
Saku Rainio
72%
Sonja Ollila
72%
Henrik Paltamo
71%
Peetu Määttä
71%
Petra Kaakko
71%
Jukka Hiltunen
70%
Reino Tuominen
70%
Roni Siren
70%
Nanna Summanen
69%
Lenni Morris
68%
Maria Nikko
68%
Aapo Rönkkö
67%
Leo
66%
Aava Helminen
65%
Rasmus Nikko
65%
Stella Kuparinen
65%
Kaisla Helminen
63%
Päivikki Summanen
61%
Maija Helminen
59%
Pyry Helminen
59%
Silja Ollila
58%
Jaana Jokela
57%
Sara Erkkilä
45%
Irma Alajoki
43%
Laura Siren
37%
Joonas Rantala
36%
Veikko Honkala
36%
Mirkku Virkkunen
35%
Tiia Friman
35%
Topi Kunnas
35%
Leila Malinen
33%
Jari Oja
30%
Jarkko Rannila
28%
Masa
26%
Antti Salminen
21%
Konsta Saarinen
18%
Ehtoja vastaavia visoja ei löytynyt
Tulosjakauma
Jokaisen tuloksen saaneiden osuus
Persentiili vastausten määrän mukaan
Tuloshistoriasi
Et ole pelannut tätä visaa